000 00533nam a2200205Ia 4500
005 20240730101412.0
008 131103s9999 xx 000 0 und d
020 _a80112242
040 _aLoreto College
041 _aEnglish
082 _a809
_bSCH
100 _aSchreiber, S M
245 3 _aAn introduction to literary criticism
_cS M Schreiber
260 _aOxford
_bPergamon
_c1969
300 _a171p.
504 _aIncludes index
650 _aEnglish literature-History and Criticism
850 _aLCBED
942 _cBK
999 _c29607
_d80086